000 00319nam a2200133Ia 4500
008 140626s9999 xx 000 0 und d
100 _aDavis, Nancy
245 _aStrategic HR Risk Taker /
_cNancy Davis.
260 _cc2012.
300 _a57 : 11, page 38
440 _aHR Magazine
521 _aBSBA
942 _cSE
999 _c121495
_d121495